| 000 | 00391nam a2200157Ia 4500 | ||
|---|---|---|---|
| 008 | 210716s1994 xx 000 0 und d | ||
| 020 | _a8186011994 | ||
| 041 | _aeng | ||
| 082 | _a004 MEHS | ||
| 100 | _aMehtas, Subhash. | ||
| 245 | _aComputer cource. | ||
| 250 | _a1 | ||
| 260 |
_aNew delhi _bGalgotia Publication Pvt Ltd _c1994 |
||
| 300 | _alxii,571 | ||
| 650 | _aComputer Fundamentals | ||
| 999 |
_c182800 _d182800 |
||